2015 NFL Pro Bowlers - Statistics

General Stats
  • This quiz has been taken 10 times
  • The average score is 40 of 130
Answer Stats
Position Answer Team % Correct
Cornerback Adam Jones Cincinnati Bengals
100%
Wide Receiver Allen Robinson Jacksonville Jaguars
100%
Quarterback Ben Roethlisberger Pittsburgh Steelers
100%
Wide Receiver Calvin Johnson Detroit Lions
100%
Defensive End Chandler Jones New England Patriots
100%
Quarterback Derek Carr Oakland Raiders
100%
Linebacker Derrick Johnson Kansas City Chiefs
100%
Wide Receiver Julio Jones Atlanta Falcons
100%
Quarterback Tom Brady New England Patriots
100%
Quarterback Aaron Rodgers Green Bay Packers
80%
Running Back Adrian Peterson Minnesota Vikings
80%
Wide Receiver A.J. Green Cincinnati Bengals
80%
Wide Receiver Amari Cooper Oakland Raiders
80%
Wide Receiver Antonio Brown Pittsburgh Steelers
80%
Quarterback Cam Newton Carolina Panthers
80%
Quarterback Carson Palmer Arizona Cardinals
80%
Wide Receiver DeAndre Hopkins Houston Texans
80%
Running Back Doug Martin Tampa Bay Buccaneers
80%
Quarterback Eli Manning New York Giants
80%
Offensive Tackle Jason Peters Philadelphia Eagles
80%
Wide Receiver Larry Fitzgerald Arizona Cardinals
80%
Cornerback Marcus Peters Kansas City Chiefs
80%
Wide Receiver Odell Beckham Jr. New York Giants
80%
Cornerback Patrick Peterson Arizona Cardinals
80%
Tight End Rob Gronkowski New England Patriots
80%
Quarterback Russell Wilson Seattle Seahawks
80%
Quarterback Teddy Bridgewater Minnesota Vikings
80%
Running Back Todd Gurley St. Louis Rams
80%
Offensive Tackle Trent Williams Washington Redskins
80%
Wide Receiver T.Y. Hilton Indianapolis Colts
80%
Wide Receiver Brandon Marshall New York Jets
60%
Running Back Chris Ivory New York Jets
60%
Defensive Tackle Gerald McCoy Tampa Bay Buccaneers
60%
Quarterback Jameis Winston Tampa Bay Buccaneers
60%
Wide Receiver Jarvis Landry Miami Dolphins
60%
Running Back Jonathan Stewart Carolina Panthers
60%
Running Back LeSean McCoy Buffalo Bills
60%
Tight End Travis Kelce Kansas City Chiefs
60%
Quarterback Tyrod Taylor Buffalo Bills
60%
Defensive Tackle Aaron Donald St. Louis Rams
40%
Defensive End Cameron Jordan New Orleans Saints
40%
Tight End Greg Olsen Carolina Panthers
40%
Defensive End J.J. Watt Houston Texans
40%
Running Back Latavius Murray Oakland Raiders
40%
Linebacker Lavonte David Tampa Bay Buccaneers
40%
Linebacker Sean Lee Dallas Cowboys
40%
Offensive Tackle Tyron Smith Dallas Cowboys
40%
Linebacker Von Miller Denver Broncos
40%
Offensive Tackle Andrew Whitworth Cincinnati Bengals
20%
Linebacker Bobby Wagner Seattle Seahawks
20%
Linebacker Clay Matthews Green Bay Packers
20%
Kicker Dan Bailey Dallas Cowboys
20%
Cornerback Darrelle Revis New York Jets
20%
Offensive Guard David DeCastro Pittsburgh Steelers
20%
Tight End Delanie Walker Tennessee Titans
20%
Linebacker DeMarcus Ware Denver Broncos
20%
Safety Earl Thomas Seattle Seahawks
20%
Defensive End Ezekiel Ansah Detroit Lions
20%
Tight End Gary Barnidge Cleveland Browns
20%
Offensive Tackle Joe Staley San Francisco 49ers
20%
Offensive Tackle Joe Thomas Cleveland Browns
20%
Cornerback Josh Norman Carolina Panthers
20%
Linebacker Justin Houston Kansas City Chiefs
20%
Defensive End Khalil Mack Oakland Raiders
20%
Linebacker Luke Kuechly Carolina Panthers
20%
Offensive Guard Marshal Yanda Baltimore Ravens
20%
Linebacker NaVorro Bowman San Francisco 49ers
20%
Cornerback Richard Sherman Seattle Seahawks
20%
Linebacker Thomas Davis Carolina Panthers
20%
Center Travis Frederick Dallas Cowboys
20%
Tight End Tyler Eifert Cincinnati Bengals
20%
Offensive Guard Zack Martin Dallas Cowboys
20%
Center Alex Mack Cleveland Browns
0%
Linebacker Anthony Barr Minnesota Vikings
0%
Cornerback Aqib Talib Denver Broncos
0%
Offensive Tackle Branden Albert Miami Dolphins
0%
Cornerback Brent Grimes Miami Dolphins
0%
Defensive End Calais Campbell Arizona Cardinals
0%
Defensive End Carlos Dunlap Cincinnati Bengals
0%
Special Teamer Cedric Peerman Cincinnati Bengals
0%
Safety Charles Woodson Oakland Raiders
0%
Cornerback Chris Harris Jr. Denver Broncos
0%
Returner Darren Sproles Philadelphia Eagles
0%
Cornerback Desmond Trufant Atlanta Falcons
0%
Running Back Devonta Freeman Atlanta Falcons
0%
Cornerback Dominique Rodgers-Cromartie New York Giants
0%
Linebacker Elvis Dumervil Baltimore Ravens
0%
Safety Eric Berry Kansas City Chiefs
0%
Center Eric Wood Buffalo Bills
0%
Defensive End Everson Griffen Minnesota Vikings
0%
Defensive Tackle Fletcher Cox Philadelphia Eagles
0%
Defensive Tackle Geno Atkins Cincinnati Bengals
0%
Safety Harrison Smith Minnesota Vikings
0%
Linebacker Jamie Collins New England Patriots
0%
Cornerback Jason Verrett San Diego Chargers
0%
Fullback John Kuhn Green Bay Packers
0%
Punter Johnny Hekker St. Louis Rams
0%
Long Snapper Jon Weeks Houston Texans
0%
Kicker Josh Brown New York Giants
0%
Offensive Guard Josh Sitton Green Bay Packers
0%
Linebacker Julius Peppers Green Bay Packers
0%
Defensive Tackle Jurrell Casey Tennessee Titans
0%
Special Teamer Justin Bethel Arizona Cardinals
0%
Safety Kam Chancellor Seattle Seahawks
0%
Defensive Tackle Kawann Short Carolina Panthers
0%
Offensive Tackle Kyle Long Chicago Bears
0%
Offensive Guard Logan Mankins Tampa Bay Buccaneers
0%
Cornerback Malcolm Butler New England Patriots
0%
Safety Malcolm Jenkins Philadelphia Eagles
0%
Special Teamer Matthew Slater New England Patriots
0%
Defensive End Michael Bennett Seattle Seahawks
0%
Safety Mike Adams Indianapolis Colts
0%
Offensive Guard Mike Iupati Arizona Cardinals
0%
Center Mike Pouncey Miami Dolphins
0%
Fullback Mike Tolbert Carolina Panthers
0%
Long Snapper Morgan Cox Baltimore Ravens
0%
Defensive Tackle Muhammad Wilkerson New York Jets
0%
Center Nick Mangold New York Jets
0%
Fullback Patrick DiMarco Atlanta Falcons
0%
Safety Reggie Nelson Cincinnati Bengals
0%
Safety Reshad Jones Miami Dolphins
0%
Offensive Guard Richie Incognito Buffalo Bills
0%
Center Ryan Kalil Carolina Panthers
0%
Punter Sam Koch Baltimore Ravens
0%
Kicker Stephen Gostkowski New England Patriots
0%
Linebacker Tamba Hali Kansas City Chiefs
0%
Offensive Guard Trai Turner Carolina Panthers
0%
Returner Tyler Lockett Seattle Seahawks
0%
Safety Tyrann Mathieu Arizona Cardinals
0%
Cornerback Vontae Davis Indianapolis Colts
0%
No matching quizzes found
Score Distribution
Percent of People with Each Score
Percentile by Number Answered
Your Score History
You have not taken this quiz